000 00265nam a2200109Ia 4500
008 200302s9999 xx 000 0 und d
100 _aJohn Gollings & Others
245 _aNew Australia Style
260 _bThames and Hudson Ltd.
260 _c1999
300 _a208 P.,
999 _c1896
_d1896